000 00405nam a2200181Ia 4500
008 230512s9999 xx 000 0 und d
041 _aeng
082 _a4.07
100 _aADDY S
245 _aFUNDAMENTAL OF COMPUTER SCIENCE
250 _a1
260 _bGALGOTIA PUB PVT. LTD. NEW DELHI
300 _a365
365 _b160
500 _aPaper Back
520 _aGeneral
650 _aComputer
999 _c398108
_d398108